000 00374nam a2200145Ia 4500
008 220217s9999||||xx |||||||||||||| ||und||
020 _a81-224-1168-1
082 _a629.8 SIN
100 _aSinha, Naresh, K
_91919
245 0 _aControl systems
250 _a3rd
260 _aNew age international Ltd.
_bNew Delhi
_c1998
300 _b0
650 _aCONTROL SYSTEM
999 _c167804
_d167804